[Event "Obert Miquel Mas 2013 - Grupo B"]
[Site "Figueres ESP"]
[Date "2013.08.11"]
[Round "1.3"]
[White "Mestres Ramon, Pol"]
[Black "Voegeli, Max"]
[Result "1-0"]
[WhiteElo "1647"]
[BlackElo "1915"]
[PlyCount "63"]
[EventDate "2013.08.11"]
[EventRounds "9"]
[EventCountry "ESP"]
[Source "lmi"]
[SourceDate "2013.08.11"]

1. f4 Nf6 2. Nf3 d6 3. e3 c6 4. d4 Bf5 5. Bd3 Bxd3 6. Qxd3 d5 7. Nbd2 Nbd7 8.
e4 dxe4 9. Nxe4 e6 10. O-O Be7 11. c3 Qb6 12. Kh1 h6 13. Ne5 Nxe4 14. Qxe4 Nf6
15. Qf3 O-O 16. f5 Nh7 17. Nd7 Qb5 18. Nxf8 Rxf8 19. Rf2 Bh4 20. g3 Bg5 21. h4
Bxc1 22. Rxc1 exf5 23. Qxf5 Qxf5 24. Rxf5 Re8 25. Re5 Kf8 26. Rce1 Nf6 27.
Rxe8+ Nxe8 28. b4 Nc7 29. c4 b5 30. Rc1 bxc4 31. Rxc4 Nb5 32. a4 1-0

[Event "Obert Miquel Mas 2013 - Grupo B"]
[Site "Figueres ESP"]
[Date "2013.08.12"]
[Round "2.1"]
[White "Palacios Herrero, Pablo"]
[Black "Montoliu Daroca, Imma"]
[Result "1-0"]
[WhiteElo "1963"]
[BlackElo "1772"]
[PlyCount "57"]
[EventDate "2013.08.11"]
[EventRounds "9"]
[EventCountry "ESP"]
[Source "lmi"]
[SourceDate "2013.08.11"]

1. e4 c5 2. Nf3 d6 3. d4 cxd4 4. Nxd4 Nf6 5. Nc3 a6 6. Be2 e6 7. O-O Be7 8. Be3
O-O 9. a4 Nbd7 10. Kh1 b6 11. Nc6 Qe8 12. e5 dxe5 13. Bf3 e4 14. Nxe4 Nd5 15.
Nc3 Nxe3 16. fxe3 Bc5 17. b4 Bxe3 18. Ne4 Nb8 19. Nd6 Qd7 20. Nxc8 Qxd1 21.
N6e7+ Kh8 22. Raxd1 Nc6 23. Bxc6 Raxc8 24. Nxc8 Rxc8 25. Rxf7 Kg8 26. Rf3 Bg5
27. Bd7 Rb8 28. Bxe6+ Kh8 29. Rc3 1-0

[Event "Obert Miquel Mas 2013 - Grupo B"]
[Site "Figueres ESP"]
[Date "2013.08.12"]
[Round "2.3"]
[White "Gutierrez Galindo, Angel"]
[Black "Oliva Llorens, Antoni"]
[Result "0-1"]
[WhiteElo "1741"]
[BlackElo "1912"]
[PlyCount "68"]
[EventDate "2013.08.11"]
[EventRounds "9"]
[EventCountry "ESP"]
[Source "lmi"]
[SourceDate "2013.08.11"]

1. e4 c5 2. c3 Nf6 3. e5 Nd5 4. Bc4 e6 5. Bxd5 exd5 6. d4 c4 7. Nf3 Be7 8. Bf4
Nc6 9. Nbd2 O-O 10. O-O b5 11. Re1 a5 12. a3 Qb6 13. Nf1 Nd8 14. Ne3 Bb7 15.
Nf5 Re8 16. Qd2 Bf8 17. Re2 Ne6 18. Bg3 b4 19. axb4 axb4 20. Rxa8 Rxa8 21. h4
Ra2 22. Qe3 bxc3 23. bxc3 Rxe2 24. Qxe2 Qb1+ 25. Kh2 Qxf5 26. Qb2 Bc6 27. Qb8
h6 28. Qa7 Qb1 29. Qa5 Qb2 30. h5 Qa3 31. Qxa3 Bxa3 32. Ng1 Ba4 33. f3 Bb2 34.
Be1 Nc7 0-1

[Event "Obert Miquel Mas 2013 - Grupo B"]
[Site "Figueres ESP"]
[Date "2013.08.13"]
[Round "3.2"]
[White "Gonzalez Pabollet, Jesus Maria"]
[Black "Padrosa Baro, Carles"]
[Result "1-0"]
[WhiteElo "1934"]
[BlackElo "1789"]
[PlyCount "47"]
[EventDate "2013.08.11"]
[EventRounds "9"]
[EventCountry "ESP"]
[Source "lmi"]
[SourceDate "2013.08.11"]

1. e4 c5 2. Nf3 e6 3. d4 cxd4 4. Nxd4 Nc6 5. Be3 Nf6 6. Nc3 a6 7. Be2 d5 8.
exd5 exd5 9. O-O Bd6 10. Bg5 Be7 11. Re1 O-O 12. Bf3 Nxd4 13. Qxd4 Be6 14. Rad1
Rc8 15. a3 Rc4 16. Qd3 Qc7 17. Bxd5 Nxd5 18. Nxd5 Bxd5 19. Rxe7 Qc5 20. Qxd5
Qxd5 21. Rxd5 b5 22. c3 Rc6 23. Rdd7 h6 24. Be3 1-0

[Event "Obert Miquel Mas 2013 - Grupo B"]
[Site "Figueres ESP"]
[Date "2013.08.13"]
[Round "3.3"]
[White "Oliva Llorens, Antoni"]
[Black "Mestres Ramon, Pol"]
[Result "1-0"]
[WhiteElo "1912"]
[BlackElo "1647"]
[PlyCount "47"]
[EventDate "2013.08.11"]
[EventRounds "9"]
[EventCountry "ESP"]
[Source "lmi"]
[SourceDate "2013.08.11"]

1. e4 e5 2. Nf3 Nc6 3. d4 exd4 4. Nxd4 Nf6 5. Nxc6 bxc6 6. e5 Qe7 7. Qe2 Nd5 8.
c4 Nb6 9. Nc3 a5 10. Qe4 Qe6 11. Bd3 Ba6 12. b3 Bb4 13. Bd2 g6 14. O-O O-O 15.
Rad1 Rfe8 16. Rfe1 Bb7 17. Qf4 Bf8 18. Ne4 Reb8 19. Nf6+ Kh8 20. Qh4 h5 21. g4
Bg7 22. gxh5 g5 23. Bxg5 Rg8 24. Qe4 1-0

[Event "Obert Miquel Mas 2013 - Grupo B"]
[Site "Figueres ESP"]
[Date "2013.08.14"]
[Round "4.1"]
[White "Oliva Llorens, Antoni"]
[Black "Gonzalez Pabollet, Jesus Maria"]
[Result "0-1"]
[WhiteElo "1912"]
[BlackElo "1934"]
[PlyCount "58"]
[EventDate "2013.08.11"]
[EventRounds "9"]
[EventCountry "ESP"]
[Source "lmi"]
[SourceDate "2013.08.11"]

1. e4 d5 2. exd5 Qxd5 3. Nc3 Qa5 4. d4 c6 5. Bd2 Qc7 6. Nf3 Nf6 7. Bc4 e6 8.
Qe2 Be7 9. Bb3 Nbd7 10. O-O Nb6 11. Ne4 O-O 12. c4 c5 13. Nxf6+ Bxf6 14. Bc3
cxd4 15. Nxd4 Bd7 16. Nb5 Bxb5 17. Bxf6 gxf6 18. cxb5 Rac8 19. Qd2 Rfd8 20. Qa5
Kh8 21. Rfd1 Rg8 22. g3 Rg5 23. Rd2 a6 24. Rc2 Rxb5 25. Rxc7 Rxa5 26. Rxf7 Nd5
27. Rxb7 Rac5 28. Bxd5 exd5 29. Re1 R8c7 0-1

[Event "Obert Miquel Mas 2013 - Grupo B"]
[Site "Figueres ESP"]
[Date "2013.08.14"]
[Round "4.2"]
[White "Palacios Herrero, Pablo"]
[Black "Lazaro Porta, Angel"]
[Result "0-1"]
[WhiteElo "1963"]
[BlackElo "1903"]
[PlyCount "78"]
[EventDate "2013.08.11"]
[EventRounds "9"]
[EventCountry "ESP"]
[Source "lmi"]
[SourceDate "2013.08.11"]

1. e4 e5 2. Nf3 Nf6 3. Bc4 Nxe4 4. Nxe5 d5 5. Qf3 Be6 6. Bb5+ c6 7. Be2 Bd6 8.
Nc4 Be7 9. d4 O-O 10. O-O Nd7 11. Ne5 Nxe5 12. dxe5 f6 13. Bd3 fxe5 14. Qe2 Bf5
15. Bxe4 Bxe4 16. Nc3 Bg6 17. Qxe5 Bxc2 18. Bf4 Qd7 19. Rac1 Bg6 20. Bg3 Rae8
21. Qd4 b6 22. Rfd1 Bf6 23. Qa4 Re7 24. b4 Rfe8 25. h3 Bg5 26. Ra1 d4 27. Qb3+
Kh8 28. Na4 d3 29. h4 Bf6 30. Nb2 d2 31. Bf4 Re1+ 32. Kh2 Be5 33. Bxe5 R8xe5
34. Nc4 R5e2 35. Qf3 Qd8 36. g3 Be4 37. Rxd2 Rxd2 38. Nxd2 Bxf3 39. Rxe1 Bd5
0-1

[Event "Obert Miquel Mas 2013 - Grupo B"]
[Site "Figueres ESP"]
[Date "2013.08.14"]
[Round "4.3"]
[White "Puig Carres, Josep"]
[Black "Iglesias Fernandez, Luis"]
[Result "1-0"]
[WhiteElo "1816"]
[BlackElo "1837"]
[PlyCount "87"]
[EventDate "2013.08.11"]
[EventRounds "9"]
[EventCountry "ESP"]
[Source "lmi"]
[SourceDate "2013.08.11"]

1. c4 e5 2. Nc3 Nc6 3. g3 f5 4. Bg2 Nf6 5. d3 Bc5 6. Nf3 O-O 7. O-O d6 8. Na4
Qe8 9. Nxc5 dxc5 10. Bd2 Nd4 11. e3 Nxf3+ 12. Bxf3 e4 13. dxe4 fxe4 14. Bg2 Bg4
15. Qb3 Bf3 16. Bxf3 exf3 17. Qxb7 Qh5 18. h4 Qg4 19. Kh2 Rad8 20. Bc3 Ne4 21.
Qxc7 Rd3 22. Qe5 Rxc3 23. bxc3 g5 24. Qe7 Nf6 25. Qe5 gxh4 26. Qf4 Qe6 27. Qxh4
Ng4+ 28. Kg1 Rf6 29. Rad1 Rh6 30. Qg5+ Kf7 31. Qf4+ Rf6 32. Qc7+ Kg6 33. Rd7
Ne5 34. Rxh7 Nf7 35. Rh2 Ng5 36. Qxc5 Nh3+ 37. Kh1 Rf5 38. Qd4 Rh5 39. c5 Rd5
40. Qh4 Nxf2+ 41. Kg1 Ng4 42. Qh7+ Kf6 43. Rxf3+ Ke5 44. Rh5+ 1-0

[Event "Obert Miquel Mas 2013 - Grupo B"]
[Site "Figueres ESP"]
[Date "2013.08.15"]
[Round "5.4"]
[White "Mestres Ramon, Pol"]
[Black "Claret, Franck"]
[Result "0-1"]
[WhiteElo "1647"]
[BlackElo "1908"]
[PlyCount "98"]
[EventDate "2013.08.11"]
[EventRounds "9"]
[EventCountry "ESP"]
[Source "lmi"]
[SourceDate "2013.08.11"]

1. f4 c5 2. Nf3 g6 3. e3 Bg7 4. d4 Nf6 5. Bd3 d6 6. c3 O-O 7. O-O Bd7 8. Qe1 b5
9. f5 c4 10. Bc2 Bxf5 11. e4 Bd7 12. Qh4 Nc6 13. e5 dxe5 14. dxe5 Ng4 15. e6
Bxe6 16. Ng5 h5 17. Nxe6 fxe6 18. Rxf8+ Bxf8 19. Bg5 Qb6+ 20. Kf1 Bg7 21. Nd2
Rf8+ 22. Nf3 Nce5 23. Be4 Ne3+ 24. Bxe3 Qxe3 25. Re1 Qf4 26. Qxf4 Rxf4 27. Kg1
Nxf3+ 28. Bxf3 Kf7 29. Re4 Rxe4 30. Bxe4 b4 31. cxb4 Bxb2 32. b5 Kf6 33. Kf2
Bd4+ 34. Kf3 g5 35. h3 Ke5 36. Bc2 Kd5 37. a4 e5 38. Bg6 h4 39. Bc2 e6 40. Be4+
Kc5 41. Bc2 Kb4 42. Kg4 Kc3 43. Be4 Be3 44. Kf3 Kd2 45. a5 c3 46. a6 Bd4 47.
Bh7 c2 48. Bxc2 Kxc2 49. Ke4 Kc3 0-1

[Event "Obert Miquel Mas 2013 - Grupo B"]
[Site "Figueres ESP"]
[Date "2013.08.15"]
[Round "5.5"]
[White "Romero Pallares, Daniel"]
[Black "Ayza Casamitjana, Antoni"]
[Result "1-0"]
[WhiteElo "1703"]
[BlackElo "1860"]
[PlyCount "59"]
[EventDate "2013.08.11"]
[EventRounds "9"]
[EventCountry "ESP"]
[Source "lmi"]
[SourceDate "2013.08.11"]

1. e4 c5 2. Nf3 e6 3. c3 Nc6 4. d4 cxd4 5. cxd4 Bb4+ 6. Bd2 Qb6 7. Bxb4 Qxb4+
8. Qd2 Nf6 9. a3 Qxd2+ 10. Nbxd2 a6 11. Bd3 b5 12. O-O Bb7 13. Rac1 Rc8 14. e5
Nd5 15. Ne4 O-O 16. Rfe1 Nce7 17. Nd6 Rxc1 18. Rxc1 Bc6 19. Ng5 g6 20. Nge4 Kg7
21. g3 Nf5 22. Nxf5+ gxf5 23. Nd6 f6 24. f4 fxe5 25. dxe5 h5 26. Kf2 Ne7 27.
Be2 Kh6 28. Bf3 Kg6 29. Bxc6 Nxc6 30. b4 1-0

[Event "Obert Miquel Mas 2013 - Grupo B"]
[Site "Figueres ESP"]
[Date "2013.08.15"]
[Round "5.8"]
[White "Montoliu Daroca, Imma"]
[Black "Voegeli, Max"]
[Result "1-0"]
[WhiteElo "1772"]
[BlackElo "1915"]
[PlyCount "77"]
[EventDate "2013.08.11"]
[EventRounds "9"]
[EventCountry "ESP"]
[Source "lmi"]
[SourceDate "2013.08.11"]

1. c4 Nf6 2. Nc3 g6 3. g3 d5 4. cxd5 Nxd5 5. Bg2 c6 6. e3 Bg7 7. Nge2 O-O 8.
O-O Nd7 9. Nxd5 cxd5 10. Bxd5 Ne5 11. Bg2 Qb6 12. d4 Nc4 13. Qc2 Nd6 14. Nc3
Qc7 15. b3 Bd7 16. Bb2 Rac8 17. Rac1 Bc6 18. Ne2 Qd7 19. Qd2 Bxg2 20. Kxg2 Ne4
21. Qb4 f6 22. f3 Ng5 23. Ng1 Rxc1 24. Rxc1 Kh8 25. h4 Nf7 26. Qc5 Qe6 27. d5
Qa6 28. a4 Qd3 29. Bc3 Nd6 30. Qd4 Qa6 31. e4 Rc8 32. Bb2 Rxc1 33. Bxc1 f5 34.
e5 Nf7 35. f4 b6 36. Qc4 Qb7 37. Kh2 Bf8 38. Bb2 Kg8 39. e6 1-0

[Event "Obert Miquel Mas 2013 - Grupo B"]
[Site "Figueres ESP"]
[Date "2013.08.15"]
[Round "6.1"]
[White "Claret, Franck"]
[Black "Gonzalez Pabollet, Jesus Maria"]
[Result "0-1"]
[WhiteElo "1908"]
[BlackElo "1934"]
[PlyCount "76"]
[EventDate "2013.08.11"]
[EventRounds "9"]
[EventCountry "ESP"]
[Source "lmi"]
[SourceDate "2013.08.11"]

1. Nf3 c5 2. c4 g6 3. g3 Bg7 4. Bg2 Nc6 5. O-O e6 6. Nc3 Nge7 7. Rb1 d5 8. cxd5
exd5 9. d3 Be6 10. Ng5 O-O 11. Nxe6 fxe6 12. e4 Nd4 13. Be3 Rb8 14. Bxd4 Bxd4
15. Qg4 Rf6 16. Ne2 Nc6 17. Nxd4 Nxd4 18. exd5 exd5 19. b4 Qd6 20. bxc5 Qxc5
21. Rfc1 Nc2 22. Qe2 Rc8 23. Bxd5+ Qxd5 24. Rxc2 Rxc2 25. Qxc2 Rf7 26. Re1 Qd4
27. Qe2 b5 28. Qe8+ Rf8 29. Qe6+ Rf7 30. Re3 a5 31. Rf3 Qd7 32. Qxf7+ Qxf7 33.
Rxf7 Kxf7 34. Kf1 b4 35. Ke2 Ke6 36. f4 a4 37. g4 b3 38. axb3 a3 0-1

[Event "Obert Miquel Mas 2013 - Grupo B"]
[Site "Figueres ESP"]
[Date "2013.08.15"]
[Round "6.6"]
[White "Montoliu Daroca, Imma"]
[Black "Perez Lopez, Alfonso"]
[Result "1-0"]
[WhiteElo "1772"]
[BlackElo "1796"]
[PlyCount "77"]
[EventDate "2013.08.11"]
[EventRounds "9"]
[EventCountry "ESP"]
[Source "lmi"]
[SourceDate "2013.08.11"]

1. c4 Nf6 2. Nc3 e6 3. a3 d5 4. cxd5 exd5 5. d4 h6 6. g3 c6 7. Bg2 Bf5 8. Qb3
Qb6 9. Qxb6 axb6 10. Nf3 Bd6 11. O-O Nbd7 12. Nd2 O-O 13. f3 Bg6 14. e4 dxe4
15. fxe4 Nh7 16. e5 Be7 17. Nf3 Ng5 18. Nxg5 Bxg5 19. Bf4 Rfe8 20. Rae1 Nf8 21.
d5 cxd5 22. Nxd5 Ne6 23. Nxb6 Rad8 24. Nd5 Bd3 25. Rf2 Bc4 26. Ne3 Ba6 27. Nc2
Nxf4 28. Rxf4 Bxf4 29. gxf4 Rd2 30. Ne3 Rxb2 31. Nf5 Rd2 32. Rc1 Bd3 33. Nd6
Ra8 34. Bxb7 Rxa3 35. Bd5 Ra7 36. Bb3 g6 37. Rc8+ Kg7 38. Ne8+ Kf8 39. Nf6+ 1-0

[Event "Obert Miquel Mas 2013 - Grupo B"]
[Site "Figueres ESP"]
[Date "2013.08.15"]
[Round "6.11"]
[White "Granados Aguilera, Cristian"]
[Black "Bou Janoher, Ernest"]
[Result "0-1"]
[WhiteElo "1602"]
[BlackElo "1792"]
[PlyCount "70"]
[EventDate "2013.08.11"]
[EventRounds "9"]
[EventCountry "ESP"]
[Source "lmi"]
[SourceDate "2013.08.11"]

1. e4 c5 2. Nf3 Nc6 3. d4 cxd4 4. Nxd4 Nf6 5. Nc3 e5 6. Ndb5 d6 7. Bg5 a6 8.
Na3 b5 9. Nd5 Be6 10. Bxf6 gxf6 11. c3 Bxd5 12. Qxd5 Ne7 13. Qd1 Bg7 14. Nc2 f5
15. exf5 Nxf5 16. Bd3 Ne7 17. a4 O-O 18. Ne3 f5 19. Qb3+ Kh8 20. axb5 axb5 21.
O-O d5 22. Rxa8 Qxa8 23. Qc2 e4 24. Bxb5 f4 25. Nd1 Qc8 26. c4 Nf5 27. Nc3 Nd4
28. Qd2 Qg4 29. h3 Nf3+ 30. Kh1 Nxd2 31. hxg4 Nxf1 32. cxd5 Nd2 33. d6 e3 34.
fxe3 fxe3 35. d7 Bxc3 0-1

[Event "Obert Miquel Mas 2013 - Grupo B"]
[Site "Figueres ESP"]
[Date "2013.08.16"]
[Round "7.1"]
[White "Gonzalez Pabollet, Jesus Maria"]
[Black "Iglesias Fernandez, Luis"]
[Result "1-0"]
[WhiteElo "1934"]
[BlackElo "1837"]
[PlyCount "73"]
[EventDate "2013.08.11"]
[EventRounds "9"]
[EventCountry "ESP"]
[Source "lmi"]
[SourceDate "2013.08.11"]

1. d4 g6 2. Nf3 Bg7 3. Bf4 Nf6 4. e3 O-O 5. Bd3 d6 6. Nbd2 Nbd7 7. O-O c5 8. c3
Nh5 9. Bg5 h6 10. Bh4 Ndf6 11. Rc1 g5 12. Bg3 Bg4 13. Re1 Nxg3 14. hxg3 Bh5 15.
Qb3 Qb6 16. dxc5 Qxc5 17. Qxb7 Rab8 18. Qa6 Rxb2 19. Nb3 Rxb3 20. axb3 Nd5 21.
b4 Qc7 22. Nd4 Qb8 23. Nc6 Qc7 24. c4 Nc3 25. Nd4 e5 26. Nf5 e4 27. Bf1 Be5 28.
Nd4 Bxd4 29. exd4 e3 30. Rxc3 exf2+ 31. Kxf2 Rb8 32. Rce3 Rxb4 33. Re8+ Kg7 34.
R1e7 Rb2+ 35. Kg1 Qb6 36. Qxb6 axb6 37. Rd7 1-0

[Event "Obert Miquel Mas 2013 - Grupo B"]
[Site "Figueres ESP"]
[Date "2013.08.16"]
[Round "7.2"]
[White "Puig Carres, Josep"]
[Black "Lazaro Porta, Angel"]
[Result "0-1"]
[WhiteElo "1816"]
[BlackElo "1903"]
[PlyCount "44"]
[EventDate "2013.08.11"]
[EventRounds "9"]
[EventCountry "ESP"]
[Source "lmi"]
[SourceDate "2013.08.11"]

1. c4 e5 2. Nc3 Nc6 3. g3 Bc5 4. a3 a6 5. b4 Ba7 6. Nf3 d6 7. d3 Bg4 8. Bg2 Qd7
9. Nd5 Nge7 10. b5 axb5 11. Nxe7 Nxe7 12. cxb5 Qxb5 13. O-O Qd7 14. Rb1 Rb8 15.
d4 e4 16. Ng5 d5 17. h3 Bh5 18. h4 Bg4 19. f3 exf3 20. Nxf3 Nc6 21. Kh2 O-O 22.
a4 Rfe8 0-1

[Event "Obert Miquel Mas 2013 - Grupo B"]
[Site "Figueres ESP"]
[Date "2013.08.17"]
[Round "8.4"]
[White "Palacios Herrero, Pablo"]
[Black "Gultresa Boada, Isaac"]
[Result "1-0"]
[WhiteElo "1963"]
[BlackElo "1777"]
[PlyCount "59"]
[EventDate "2013.08.11"]
[EventRounds "9"]
[EventCountry "ESP"]
[Source "lmi"]
[SourceDate "2013.08.11"]

1. e4 e5 2. Nf3 Nc6 3. Bb5 a6 4. Ba4 Nf6 5. d3 d6 6. O-O Be7 7. Re1 O-O 8. c3
b5 9. Bc2 Bg4 10. h3 Bh5 11. g4 Bg6 12. Nh4 Nd7 13. Nf5 Bg5 14. Nd2 Bxf5 15.
gxf5 Qf6 16. Nf1 Bxc1 17. Rxc1 Qh6 18. Qf3 Nf6 19. Ne3 g6 20. Bb3 Na5 21. fxg6
Qxg6+ 22. Kh1 Nxb3 23. axb3 Kh8 24. Rg1 Qh6 25. Nf5 Qh5 26. Qxh5 Nxh5 27. Rg5
Nf4 28. Nh6 Nxd3 29. Rcg1 Rac8 30. Rg8+ 1-0

[Event "Obert Miquel Mas 2013 - Grupo B"]
[Site "Figueres ESP"]
[Date "2013.08.17"]
[Round "8.5"]
[White "Otones Lopez, Antonio"]
[Black "Ayza Casamitjana, Antoni"]
[Result "0-1"]
[WhiteElo "1790"]
[BlackElo "1860"]
[PlyCount "78"]
[EventDate "2013.08.11"]
[EventRounds "9"]
[EventCountry "ESP"]
[Source "lmi"]
[SourceDate "2013.08.11"]

1. e4 c5 2. Nf3 e6 3. d3 Nc6 4. g3 g6 5. Bg2 Bg7 6. O-O Nge7 7. Re1 O-O 8. c3
d6 9. Nbd2 Rb8 10. Nf1 b5 11. d4 b4 12. Be3 bxc3 13. bxc3 Qa5 14. Qc2 Ba6 15.
N1d2 c4 16. Bf1 d5 17. e5 Rb7 18. Rab1 Rfb8 19. Rxb7 Rxb7 20. Rb1 Rb6 21. g4
Bb5 22. h4 Qa3 23. Qb2 Qxb2 24. Rxb2 Ba4 25. Rb1 Bc2 26. Rxb6 axb6 27. Ne1 Bd1
28. f3 h5 29. Bh3 b5 30. a3 Na5 31. Bg5 Nec6 32. Be3 Kh7 33. gxh5 gxh5 34. Ng2
Bf8 35. Nf4 Bxa3 36. Nxh5 b4 37. Nf6+ Kh8 38. cxb4 Nxb4 39. Nb1 Bb2 0-1

[Event "Obert Miquel Mas 2013 - Grupo B"]
[Site "Figueres ESP"]
[Date "2013.08.18"]
[Round "9.1"]
[White "Ayza Casamitjana, Antoni"]
[Black "Gonzalez Pabollet, Jesus Maria"]
[Result "1-0"]
[WhiteElo "1860"]
[BlackElo "1934"]
[PlyCount "59"]
[EventDate "2013.08.11"]
[EventRounds "9"]
[EventCountry "ESP"]
[Source "lmi"]
[SourceDate "2013.08.11"]

1. e4 e6 2. Nf3 d5 3. e5 c5 4. b4 cxb4 5. d4 Nc6 6. a3 Bd7 7. axb4 Bxb4+ 8. c3
Be7 9. Bd3 f5 10. O-O h5 11. Re1 g5 12. c4 Nb4 13. Nc3 h4 14. Bxf5 exf5 15. e6
Bc6 16. Ne5 Nf6 17. Nf7 Qc7 18. Nxh8 dxc4 19. Ng6 Nd3 20. Re2 Bd6 21. Bxg5 Qg7
22. Bxf6 Qxf6 23. d5 Qxg6 24. dxc6 bxc6 25. Qa4 Rc8 26. Qxc4 Ne5 27. Qa4 Rc7
28. Nd5 Rb7 29. Rxe5 Bxe5 30. Qxc6+ 1-0

[Event "Obert Miquel Mas 2013 - Grupo B"]
[Site "Figueres ESP"]
[Date "2013.08.18"]
[Round "9.2"]
[White "Lazaro Porta, Angel"]
[Black "Parramon Guillaumet, Jaime"]
[Result "1-0"]
[WhiteElo "1903"]
[BlackElo "1909"]
[PlyCount "85"]
[EventDate "2013.08.11"]
[EventRounds "9"]
[EventCountry "ESP"]
[Source "lmi"]
[SourceDate "2013.08.11"]

1. Nf3 Nf6 2. c4 Nc6 3. d4 d5 4. cxd5 Qxd5 5. Nc3 Qd8 6. e4 e6 7. Bb5 a6 8.
Bxc6+ bxc6 9. O-O c5 10. d5 Be7 11. Ne5 O-O 12. Nc6 Qd7 13. Nxe7+ Qxe7 14. Bg5
h6 15. Bh4 g5 16. Bg3 e5 17. h4 Kg7 18. Qd2 Nd7 19. hxg5 hxg5 20. Rad1 f6 21.
f3 Qd6 22. Bf2 Rb8 23. b3 Nb6 24. Rc1 Rh8 25. Ne2 Bh3 26. Ng3 Qd7 27. Bxc5 Be6
28. Qf2 Bf7 29. Nf5+ Kg6 30. d6 Nd5 31. Ne7+ Nxe7 32. dxe7 Rh6 33. Qg3 Rbh8 34.
Rfd1 Qb5 35. Kf2 a5 36. Rd8 Be8 37. Qg4 Kf7 38. Be3 a4 39. Rxc7 axb3 40. axb3
Rh1 41. Kg3 Qe2 42. Rc6 Bxc6 43. Rd6 1-0